|
|
|
|
| LEADER |
01079cam a2200373 i 4500 |
| 001 |
000048176 |
| 003 |
7881 |
| 005 |
20030311105411.0 |
| 008 |
010319|1996 vm 000 eng |
| 020 |
|
|
|a 0335194567
|
| 040 |
|
|
|a IRC
|c IRC
|d IRC
|
| 041 |
0 |
|
|a eng
|
| 082 |
1 |
4 |
|a 362.10425
|b FL-R
|
| 100 |
1 |
|
|a Flynn, R.
|q (Robert),
|d 1951-
|
| 245 |
0 |
0 |
|a Markets and networks :
|b contracting in community health services /
|c Rob Flynn, Gareth Williams, Susan Pickard.
|
| 260 |
|
|
|a Buckingham , Bristol, PA :
|b Open University Press,
|c 1996.
|
| 300 |
|
|
|a 162 p. ;
|c 23cm.
|
| 630 |
0 |
4 |
|a Community health services.
|
| 630 |
0 |
4 |
|a Business management.
|
| 630 |
0 |
4 |
|a Contracting out.
|
| 650 |
0 |
4 |
|a Community health services
|x Business management.
|
| 650 |
0 |
4 |
|a Contracting out.
|
| 700 |
1 |
|
|a Williams, Gareth.
|
| 700 |
1 |
|
|a Pickard, Susan.
|
| OWN |
|
|
|a DUT
|
| 999 |
|
|
|a From the UDN01
|
| TYP |
|
|
|a Monograph
|
| TYP |
|
|
|a Printed language
|
| 980 |
|
|
|a Mạng thư viện Đại học Đà Nẵng
|